000 00775cam a2200169 i 4500
020 _a9781560515456 (pbk)
082 _a624.8068
_bPAV
_cL-18, P-58
245 0 0 _aPavement management guide /
_cAmerican Association of State Highway and Transportation Officials, AASHTO Joint Task Force on Pavements.
250 _aSecond edition.
300 _a1 volume (various pagings) :
_billustrations ;
_c28 cm
526 _a0
_b0
_c0
_d624_806800000000000_PAV
650 0 _aPavements
_zUnited States
_xMaintenance and repair
_xManagement.
_943478
650 0 _aPavements
_zUnited States
_xManagement
_xData processing.
_922051
710 2 _aAASHTO Joint Task Force on Pavements.
_943479
710 2 _aAmerican Association of State Highway and Transportation Officials.
_919553
942 _2ddc
_cBK
999 _c547272
_d547272